| 000 | 01305cam a2200289 4500 | ||
|---|---|---|---|
| 001 | ABS62937 | ||
| 008 | 000000n2000 000 0 eng u | ||
| 035 | _a(Sirsi) u108799 | ||
| 100 | _aThornton, A. | ||
| 245 | 4 | _aThe Human Rights Act | |
| 260 | _c2000 | ||
| 490 |
_aBuilding _v265(8154) 22 September 2000, 58-63(6) |
||
| 520 | _aAssesses the implications of the Human Rights Act for the construction industry: provides an overview of what the new rules will mean for construction disputes and procedures; considers whether carrying out a human rights audit will become a standard part of the planning procedure; contends that any hint of coercion in an ADR procedure will give rise to a human rights defence; looks at the effect on PFI, suggesting there may be increased risks for prison and hospital work. | ||
| 590 | _aABS | ||
| 650 | _aHUMAN RIGHTS ACT 1998 | ||
| 650 | _aMANAGEMENT-DISPUTE AVOIDANCE, MANAGEMENT AND RESOLUTION-DISPUTE MANAGEMENT AND RESOLUTION-ALTERNATIVE DISPUTE RESOLUTION-ADJUDICATION | ||
| 650 | _aLITIGATION | ||
| 650 | _aPFI | ||
| 650 | _aALTERNATIVE DISPUTE RESOLUTION | ||
| 650 | _aPLANNING SYSTEM | ||
| 690 | _aBUILT ENVIRONMENT | ||
| 700 | _aHelps, D. | ||
| 700 | _aTrehearne, I. | ||
| 700 | _aFurmston, M. | ||
| 700 | _aHickman, D. | ||
| 942 | _n0 | ||
| 999 |
_c64955 _d64955 |
||